000 01066nam a2200337 a 4500
001 000109160
003 CHAP
005 20220817044614.0
008 140407s1996 mx |r| |||||||spa d
010 _a105622
011 _a106594
040 _cCHAP
090 _aFolleto 18421
100 0 0 _aRodríguez, Nemesio J.
_999006
245 1 0 _a¿Otra vez el maíz? :
_bperspectiva contra la visión orweliana ominosa o el juego de las paradojas /
_cpor Nemesio J. Rodríguez.
260 _aMéxco D.F. :
_bInstituto Nacional Indigenista,
_c1996.
300 _a23 P.
490 _aSerie desarrollo sustentable
_v, 1
590 _aE5995AHE
_b05
_c20140407
_lUCH01
_h1452
590 _aE5995AHE
_b05
_c20140410
_lUCH01
_h0856
590 _aE5995AHE
_b05
_c20140410
_lUCH01
_h0912
590 _aE5995AHE
_b05
_c20140410
_lUCH01
_h0932
590 _aE5995AHE
_b05
_c20140410
_lUCH01
_h0933
650 _aMaíz
_xGenética
_970963
650 4 _aMaíz
_xHistoria.
_970972
650 4 _aMaíz
_xPrecios.
_971039
830 0 _v; 1
901 _aBK
942 _cFOLL
942 _n0
999 _c105622
_d105622